header

Promoting the psychosocial well being of children following war and terrorism (Record no. 181201)

MARC details
000 -LEADER
fixed length control field 01637nam a2200325Ia 4500
082 04 - DEWEY DECIMAL CLASSIFICATION NUMBER
Classification number 618.928521
245 10 - TITLE STATEMENT
Title Promoting the psychosocial well being of children following war and terrorism
260 ## - PUBLICATION, DISTRIBUTION, ETC. (IMPRINT)
Place of publication Amsterdam :
Name of publisher IOS Press,
Year of publication 2005 ;
Place of publication Headington :
Name of publisher IOS Press/Lavis Marketing, distributor,
Year of publication 2005.
300 ## - PHYSICAL DESCRIPTION
Number of Pages x, 191 p.
650 #0 - SUBJECT ADDED ENTRY--TOPICAL TERM
Topical Term Post-traumatic stress disorder in children
Topical Term Psychic trauma in children
Topical Term Victims of terrorism
700 0# - ADDED ENTRY--PERSONAL NAME
Personal name Miku.
Personal name Friedman, Matthew J.
856 40 - ELECTRONIC LOCATION AND ACCESS
Uniform Resource Identifier http://site.ebrary.com/lib/rucke/Doc?id=10130636

No items available.

© 2026 Rongo University
Contact us: librarian | system librarian | Rongo university